| 000 | 00397nam a22001457a 4500 | ||
|---|---|---|---|
| 005 | 20150916113231.0 | ||
| 008 | 150916b xxu||||| |||| 00| 0 eng d | ||
| 040 | _cPK-LaUMT | ||
| 082 |
_aKHC 954.92 _bJIL-F |
||
| 100 | _aJilani, S.G | ||
| 245 |
_aFifteen Governors i serve with _buntold stroy of east pakistan _cS.G. Jilani |
||
| 260 |
_aLahore _bBook mark _c1979 |
||
| 300 | _a235 p. | ||
| 942 | _cBK | ||
| 999 |
_c75859 _d75859 |
||